| 000 | 00518nam a22001697a 4500 | ||
|---|---|---|---|
| 999 |
_c12254 _d12254 |
||
| 008 | 220826b ||||| |||| 00| 0 eng d | ||
| 020 | _a9280114395 | ||
| 082 |
_a343.093 _bIMO |
||
| 100 | _aInternational Maritime Organization | ||
| 245 | _aGuidelines for the provisional assessment of liquids transported in bulk | ||
| 260 |
_aLondon _bInternational Maritime Organization _c1997 |
||
| 300 | _av,41p. | ||
| 650 | _aShips--Cargo | ||
| 650 | _aSafety regulations | ||
| 650 | _aBulk carrier cargo ships | ||
| 942 | _cBK | ||